000 00193 a2200097 4500
001 18208
100 _aSpeare, M
245 _aShort stories
260 _a
_bW S Press
_c
090 _c13502
_d13502
942 _aNUST-CAE
_cM
_c3895
999 _c253281
_d253281